Introduction to Biomaterials
Guardado en:
| Autor principal: | |
|---|---|
| Formato: | Libro |
| Lenguaje: | inglés |
| Publicado: |
Beijing, China
Tsinghua University Press
2006
Singapore World Scientific Pub. 2006 |
| Materias: | |
| Acceso en línea: | Ver en el OPAC |
| Etiquetas: |
Sin Etiquetas, Sea el primero en etiquetar este registro!
|
MARC
| LEADER | 00000nam a2200000 a 4500 | ||
|---|---|---|---|
| 005 | 20260127133935.0 | ||
| 008 | 061017 2006 cc 000 0 eng d | ||
| 020 | |a 7302108072 (Tsinghua Univ. Press) | ||
| 020 | |a 9812566279 (World Scientific) | ||
| 035 | |a vtls008855485 | ||
| 039 | 9 | |y 200610171159 |z mschk03 | |
| 040 | |a STUSCHK1 |b slo |c STUSCHK1 |e AACR2 | ||
| 080 | |a 616-07 | ||
| 080 | |a 616-08 | ||
| 080 | |a 620.2 | ||
| 100 | 1 | |a Shi, Donglu | |
| 245 | 1 | |a Introduction to Biomaterials | |
| 260 | |a Beijing, China |b Tsinghua University Press |c 2006 | ||
| 260 | |a Singapore |b World Scientific Pub. |c 2006 | ||
| 300 | |a xiii, 253 p.: ill. ; 24 cm | ||
| 650 | 0 | |a Biomedical materials | |
| 910 | |a SCHK95 | ||
| 919 | |a 7-302-10807-2 | ||
| 919 | |a 981-256-627-9 | ||
| 999 | |c 498 |d 498 | ||